Viaggio nella coppia (Record n. 217823)
[ formato base ]
| 000 -LEADER | |
|---|---|
| fixed length control field | 00930nam a2200205Ia 4500 |
| 001 - CONTROL NUMBER | |
| control field | a1413-35435 |
| 003 - CONTROL NUMBER IDENTIFIER | |
| control field | IT-MiCISF |
| 008 - FIXED-LENGTH DATA ELEMENTS--GENERAL INFORMATION | |
| fixed length control field | 161014s9999||||xx |||||||||||||| ||und|| |
| 040 ## - CATALOGING SOURCE | |
| Original cataloging agency | IT-MiCISF |
| Transcribing agency | IT-MiCISF |
| 041 ## - LANGUAGE CODE | |
| Language code of text/sound track or separate title | it |
| 999 ## - SYSTEM CONTROL NUMBERS (KOHA) | |
| Koha Dewey Subclass [OBSOLETE] | si |
| 100 ## - MAIN ENTRY--PERSONAL NAME | |
| Personal name | Sivelli Beppe |
| 245 #0 - TITLE STATEMENT | |
| Title | Viaggio nella coppia |
| Remainder of title | Racconti di ieri e di oggi |
| 250 ## - EDITION STATEMENT | |
| Edition statement | 1a ed. |
| 260 ## - PUBLICATION, DISTRIBUTION, ETC. (IMPRINT) | |
| Place of publication, distribution, etc. | Assisi (PG) |
| Name of publisher, distributor, etc. | Cittadella |
| Date of publication, distribution, etc. | 2002 |
| 300 ## - PHYSICAL DESCRIPTION | |
| Extent | pp. 136 |
| 500 ## - GENERAL NOTE | |
| General note | / coppia, relazione-di-coppia, comunicazione / Un piccolo e semplice libro dove, nella prima parte, sono riportate riflessioni scritte con semplicità su storie che da sempre l'umanità si racconta (l'A. riporta il racconto di alcuni miti, come ad esempio quelli di Narciso e di Armonia). La seconda parte è un invito alla riflessione sul vissuto della coppia attraverso alcuni test, giochi, esercitazioni. |
| 650 ## - SUBJECT ADDED ENTRY--TOPICAL TERM | |
| Topical term or geographic name as entry element | Relazione di coppia / coppia |
| Relator term | 002 |
| 942 ## - ADDED ENTRY ELEMENTS (KOHA) | |
| Koha item type | LIBRO |
| 957 ## - | |
| -- | 1 |
| 999 ## - SYSTEM CONTROL NUMBERS (KOHA) | |
| -- | 1 |
| Withdrawn status | Lost status | Damaged status | Not for loan | Home library | Current library | Date acquired | Total Checkouts | Full call number | Date last seen | Price effective from | Koha item type | Public note |
|---|---|---|---|---|---|---|---|---|---|---|---|---|
| Buone Condizioni | Not For Loan | CISF - Milano | CISF - Milano | 14/10/2016 | a1413-35435 | 14/10/2016 | 14/10/2016 | LIBRO | Data import 15.10.2016 / by Epidotti, Vaglietti |